[Event "3rd Budapest Open"]
[Site "Budapest HUN"]
[Date "2013.08.17"]
[Round "1.4"]
[White "Bartuszek,Andras"]
[Black "Zentai,P2"]
[Result "0-1"]
[WhiteElo "1844"]
[BlackElo "2234"]

1.e4 e6 2.d4 d5 3.Nd2 a6 4.Bd3 c5 5.c3 cxd4 6.cxd4 Nc6 7.Ne2 dxe4 8.Nxe4 Be7
9.O-O Nf6 10.a3 O-O 11.Bc2 Qd5 12.Qd3 g6 13.Nxf6+ Bxf6 14.Be3 Rd8 15.Rfd1 b5
16.Bb3 Qd7 17.Qe4 Bb7 18.Qf4 Qe7 19.d5 exd5 20.Bxd5 Bxb2 21.Ra2 Bg7 22.Rad2 Ne5
23.Bxb7 Rxd2 24.Rxd2 Qxb7 25.Bd4 Rd8 26.Bc3 Rd5 27.h4 Qd7 28.Rxd5 Qxd5 29.Qc1 Qd3
30.Qb2 Qd1+ 31.Kh2 Nc4 32.Qa2 Bxc3 33.Nxc3 Qd4 34.Qb3 Qxh4+ 35.Kg1 Qd4 36.a4 Nd2
37.Qc2 b4 38.Ne2 Qd6 39.Nc1 a5 40.Qc8+ Kg7 41.Qc2 Qd5 42.Qb2+ Kg8 43.Kh2 Qh5+
44.Kg1 Qd1+ 45.Kh2 Nf1+ 46.Kg1 Ne3+ 47.Kh2 Qh5+ 48.Kg1 Qd1+ 49.Kh2 Nc4 50.Qf6 Qxc1
51.Qd8+ Kg7 52.Qd4+ f6 53.Qd7+ Kh6 54.Qh3+ Kg5 55.g3 h5 56.Qh4+ Kf5 57.f3 Qc2+
58.Kh3 Ne5 59.g4+ hxg4+ 60.fxg4+ Ke6  0-1

[Event "XXIV Jozefa Kochana Mem"]
[Site "Koszalin POL"]
[Date "2013.08.17"]
[Round "9.3"]
[White "Janik,Igor"]
[Black "Dobrowolski,P"]
[Result "0-1"]
[WhiteElo "1953"]
[BlackElo "2423"]

1.e4 e6 2.d4 d5 3.Nd2 a6 4.Ngf3 c5 5.dxc5 Bxc5 6.Bd3 Nf6 7.exd5 exd5 8.Qe2+ Be7
9.O-O O-O 10.Re1 Re8 11.Qf1 Nc6 12.Nb3 d4 13.Bf4 Be6 14.Rad1 Qb6 15.Be5 Nxe5
16.Rxe5 Bd6 17.Ree1 Bd5 18.Rxe8+ Rxe8 19.Be2 Be5 20.Nxe5 Rxe5 21.Bc4 Be4
22.Bd3 Bd5 23.Bc4 Be4 24.Bd3 h5 25.Bxe4 Rxe4 26.Re1 Qe6 27.Rxe4 Qxe4 28.Qd1 Nd5
29.Nxd4 Nf4 30.Nf3 f6 31.Qd2 Nxg2 32.Kxg2 Qg4+ 33.Kf1 Qxf3 34.Qd6 Kh7 35.b4 Qe4
36.Qd3 Qxd3+ 37.cxd3 Kg6 38.Ke2 Kf5 39.Ke3 Ke5 40.f4+ Kf5 41.a4 g5 42.fxg5 fxg5
43.b5 axb5 44.axb5 g4 45.b6 h4 46.Ke2 Kf4 47.Kf2 g3+ 48.hxg3+ hxg3+ 49.Ke2 Ke5
50.Kf3 Kd4 51.Kxg3 Kxd3  0-1

[Event "33rd Bratto Open"]
[Site "Bratto ITA"]
[Date "2013.08.18"]
[Round "2.9"]
[White "Ducarmon,Q"]
[Black "Formento,P"]
[Result "1-0"]
[WhiteElo "2438"]
[BlackElo "2188"]

1.e4 e6 2.d4 d5 3.Nd2 Be7 4.Ngf3 Nf6 5.e5 Nfd7 6.Bd3 c5 7.c3 Nc6 8.O-O a5
9.Re1 Qb6 10.dxc5 Nxc5 11.Bc2 O-O 12.Nb3 Nxb3 13.axb3 f6 14.exf6 Bxf6 15.Qd3 g6
16.Bh6 Re8 17.h4 Ne7 18.Bg5 Bxg5 19.hxg5 Nc6 20.Rad1 Qc7 21.Nh2 Qf4 22.Qe3 Qxe3
23.Rxe3 Rd8 24.Ng4 Kg7 25.Kh2 b5 26.Kg3 d4 27.Re4 Ra7 28.Ne5 Nxe5 29.Rxe5 b4
30.Rxd4 Rxd4 31.cxd4 Kf7 32.Rc5 Bd7 33.Kf4 Kg7 34.Ke5 Ra8 35.Be4 Ra6 36.Bd3 Ra7
37.Bb5 Bxb5 38.Rxb5  1-0

[Event "22nd Feffernitz Open 2013"]
[Site "Feffernitz GER"]
[Date "2013.08.18"]
[Round "2.5"]
[White "Raschun,G"]
[Black "Praznik,N"]
[Result "1/2-1/2"]
[WhiteElo "1983"]
[BlackElo "2347"]

1.e4 e6 2.d4 d5 3.Nd2 Nc6 4.Ngf3 Nf6 5.e5 Nd7 6.Nb3 a5 7.Be3 a4 8.Nbd2 b6
9.a3 Ba6 10.Bxa6 Rxa6 11.O-O Ncb8 12.c4 dxc4 13.Nxc4 b5 14.Ncd2 Nb6 15.Rc1 Nd5
16.Ne4 Nd7 17.Qd3 c6 18.Bg5 Qa8 19.Bd2 h6 20.h3 Be7 21.Nh2 N7b6 22.Qg3 g5
23.Ng4 Nc4 24.Bc3 Qd8 25.Ne3 Ncb6 26.Ng4 Nf4 27.Qf3 Nbd5 28.Rfd1 Kd7 29.Bb4 Nxb4
30.axb4 Bxb4 31.Nc5+ Bxc5 32.Nf6+ Kc8 33.Rxc5 Qb6 34.Rdc1 Kb7 35.Ne4 f5 36.Nd6+ Kc7
37.Rxb5 Qa7 38.Rb7+ Qxb7 39.Nxb7 Kxb7 40.Rd1 Rd8 41.Kh2 Rd7 42.g3 Nxh3 43.Qe2 g4
44.Rd2 Ng5 45.Kg2 Nf3 46.Rd1 Rb6 47.Qc4 Rd8 48.Qxa4 Rxb2 49.Ra1 Kc7 50.Qa3 Rb7
51.Qe7+ Rd7 52.Qxe6 Nxd4 53.Qf6 Nc2 54.Rc1 Rd2 55.Qxh6 Re2 56.Qd6+ Kb6 57.Rb1+ Ka7
58.Qc5+ Kb8 59.Rc1 Rb2 60.Kg1 Kb7 61.e6 Rxe6 62.Qc3 Rb5 63.Qxc2 Kb6 64.Qd2 Kc7
65.Qd4 Rd5 66.Qa7+ Kd6 67.Qb8+ Ke7 68.Kg2 Rdd6 69.Rc5 Rd5 70.Rc1 Rdd6 71.Rh1 Rf6
72.Qc8 Rd5 73.Rh7+ Kd6 74.Qd8+ Ke5 75.Re7+ Re6 76.Qc7+ Rd6 77.Qa5+ Kf6 78.Rh7 Rd5
79.Qc3+ Rde5 80.Rh6+ Kf7 81.Rh7+ Kf6 82.f4 gxf3+ 83.Kxf3 Kg6 84.Rc7 c5 85.Rxc5 Rxc5
86.Qxc5 Re4 87.Qf8 Rg4 88.Qg8+ Kf6 89.Qh7 Re4 90.Qh6+ Ke5 91.Qg7+ Ke6 92.Qg6+  1/2-1/2

[Event "Caissa IM Aug 2013"]
[Site "Kecskemet HUN"]
[Date "2013.08.19"]
[Round "5.3"]
[White "Somborski,N"]
[Black "Meszaros,Gyu"]
[Result "1/2-1/2"]
[WhiteElo "2339"]
[BlackElo "2248"]

1.e4 e6 2.d4 d5 3.Nd2 Nc6 4.Ngf3 Nf6 5.e5 Nd7 6.Be2 b6 7.Nf1 Bb7 8.Ng3 Qe7
9.c3 f6 10.exf6 gxf6 11.O-O O-O-O 12.Re1 Qf7 13.Nh4 Ne7 14.Bh5 Ng6 15.Qg4 Rg8
16.Bd2 Bd6 17.Nf3 Rde8 18.a4 f5 19.Qh3 Nf6 20.a5 Kb8 21.axb6 axb6 22.Ng5 Qd7
23.Bd1 Bc6 24.Nh5 Nxh5 25.Bxh5 Re7 26.Nf3 Reg7 27.g3 Bb5 28.Bh6 Nf4 29.Bxf4 Bxf4
30.Ne5 Qe7 31.Be2 Be8 32.Bh5 Bb5 33.Be2  1/2-1/2

[Event "12th Lichtenberger Sommer"]
[Site "Berlin GER"]
[Date "2013.08.20"]
[Round "4.11"]
[White "Schmidt,Mart2 GER"]
[Black "Giemsa,S"]
[Result "1/2-1/2"]
[WhiteElo "2061"]
[BlackElo "2312"]

1.e4 e6 2.d4 d5 3.Nd2 a6 4.Ngf3 Nf6 5.Bd3 c5 6.dxc5 Bxc5 7.O-O Nc6 8.Qe2 Qc7
9.exd5 Nxd5 10.Ne4 Be7 11.c4 Nf4 12.Bxf4 Qxf4 13.Rad1 O-O 14.Bb1 Ne5 15.Nd4 Rd8
16.g3 Qg4 17.f3 Qh5 18.g4 Qh4 19.Ng3 Ng6 20.Kh1 Bd7 21.Be4 Rab8 22.f4 Bc5
23.f5 exf5 24.Ndxf5 Qg5 25.Rd5 Bf8 26.Nd6 Qxg4 27.Nxf7 Qxe2 28.Nxe2 Re8 29.Ng5 Bc6
30.Nc3 Rxe4 31.Ngxe4 Bxd5 32.Nxd5 h6  1/2-1/2

[Event "88th ch-FRA 2013"]
[Site "Nancy FRA"]
[Date "2013.08.20"]
[Round "9.5"]
[White "Le Roux,JP"]
[Black "Wirig,A"]
[Result "1/2-1/2"]
[WhiteElo "2588"]
[BlackElo "2496"]

1.e4 e6 2.d4 d5 3.Nd2 Nc6 4.Ngf3 Nf6 5.e5 Nd7 6.Bb5 Be7 7.O-O O-O 8.Re1 a6
9.Bf1 f6 10.c4 fxe5 11.dxe5 Nc5 12.Nb3 dxc4 13.Qxd8 Rxd8 14.Nxc5 Bxc5 15.Bxc4 b5
16.Bb3 Na5 17.Bc2 Be7 18.h4 Bb7 19.Bg5 Re8 20.Bxe7 Rxe7 21.Ng5 h6 22.Ne4 Bd5
23.Nc5 Nb7 24.Nd3 c5 25.Nf4 Bc6 26.a4 b4 27.Bb3 Kf7 28.Rac1 Rd8 29.Re3 Rd4
30.Nd3 Rc7 31.Nxc5 Bxa4 32.Bxa4 Rxc5 33.Rce1 Na5 34.Rf3+ Ke7 35.Rg3 Kf7 36.Rf3+ Ke7
37.Rg3 Kf7 38.Rf3+ Ke7  1/2-1/2

[Event "18th Konik Morski"]
[Site "Rewal POL"]
[Date "2013.08.20"]
[Round "1.4"]
[White "Marczuk,D"]
[Black "Strzemiecki,Z"]
[Result "0-1"]
[WhiteElo "2049"]
[BlackElo "2437"]

1.e4 e6 2.d4 d5 3.Nd2 Nc6 4.Ngf3 Nf6 5.e5 Nd7 6.c3 f6 7.exf6 Qxf6 8.Be2 Bd6
9.O-O O-O 10.Re1 Kh8 11.Nf1 e5 12.dxe5 Ndxe5 13.Qxd5 Be6 14.Qe4 Bf5 15.Qe3 Rae8
16.Nxe5 Nxe5 17.Qg5 Nd3 18.Qxf6 Rxf6 19.Bg5 Nxe1 20.Rxe1 Rff8 21.Be3 Bg6
22.Bc4 Bf7 23.Bxf7 Rxf7 24.Rd1 Rd7 25.Ng3 Red8 26.Re1 Bxg3 27.hxg3 Rd1 28.Kf1 h5
29.Ke2 Rxe1+ 30.Kxe1 Kh7 31.Ke2 Kg6 32.a3 Kf5 33.Bf4 Rd7 34.Be3 a6 35.Bc1 b5
36.b4 Ke4 37.Be3 g6 38.Bc5 Rd8 39.Be3 a5 40.Bf4 axb4 41.axb4 c6 42.Bc7 Ra8
43.Ba5 c5 44.f3+ Kd5 45.Kd3 Ra6 46.f4 Ra8 47.Bb6 cxb4 48.cxb4 Ra3+ 49.Ke2 Rxg3
50.Kf2 Rb3 51.Bc5 Ke4 52.Bd6 Rd3 53.Be5 g5  0-1

[Event "ch-ESP w 2013"]
[Site "Linares ESP"]
[Date "2013.08.21"]
[Round "4.1"]
[White "Calzetta Ruiz,M"]
[Black "Aranaz Murillo,A"]
[Result "1/2-1/2"]
[WhiteElo "2221"]
[BlackElo "2246"]

1.e4 e6 2.d4 d5 3.Nd2 Nc6 4.Ngf3 Nf6 5.e5 Nd7 6.c4 dxc4 7.Nxc4 Nb6 8.a3 Bd7
9.Be3 Ne7 10.Bd3 Nxc4 11.Bxc4 Bc6 12.O-O Nf5 13.Rc1 Be7 14.Qe2 Qd7 15.Rfd1 O-O
16.Rd2 Rfc8 17.h3 Bf8 18.h4 Bd5 19.Bd3 c6 20.h5 h6 21.g4 Ne7 22.Bb1 f5 23.Nh4 Be4
24.Bxe4 fxe4 25.Bf4 Nd5 26.Qxe4 Be7 27.Bg3 Bg5 28.f4 Nxf4 29.Bxf4 Bxh4 30.Rf1 Rf8
31.Rd3 Rad8 32.b4 Rf7 33.Kg2 Qd5 34.Qxd5 Rxd5 35.Be3 Rfd7 36.Rc3 Bg5 37.Bg1 Be7
38.Rb3 Bd8 39.Rbf3 Be7 40.Rf7 a5 41.bxa5 Rxa5 42.R1f3 Rxa3 43.Rxa3 Kxf7 44.Ra8 b6
45.Rc8 c5 46.dxc5 Rd2+ 47.Kf3 bxc5 48.Rc7 Ke8 49.Bxc5 Bxc5 50.Rxc5 Rd4  1/2-1/2

[Event "24th Porto San Giorgio Open"]
[Site "Porto San Giorgio ITA"]
[Date "2013.08.21"]
[Round "1.9"]
[White "Parrella,A"]
[Black "Naumkin,I"]
[Result "0-1"]
[WhiteElo "2072"]
[BlackElo "2445"]

1.e4 e6 2.d4 d5 3.Nd2 a6 4.Bd3 c5 5.dxc5 Bxc5 6.Ngf3 Nc6 7.a3 Nge7 8.b4 Ba7
9.Bb2 O-O 10.Qe2 Ng6 11.g3 Qc7 12.O-O h6 13.e5 b5 14.Nb3 Bb7 15.Rfe1 d4 16.h4 f5
17.c4 dxc3 18.Bxc3 Nce7 19.Rac1 Qc6 20.Nbd4 Bxd4  0-1

[Event "21st Troya Open 2013"]
[Site "Canakkale TUR"]
[Date "2013.08.22"]
[Round "7.16"]
[White "Buyukasik,D"]
[Black "Col,Atakan"]
[Result "1-0"]
[WhiteElo "2071"]
[BlackElo "1618"]

1.e4 e6 2.d4 d5 3.Nd2 a6 4.Ngf3 Bd7 5.exd5 exd5 6.Bd3 Bd6 7.O-O Ne7 8.Ne5 Bb5
9.Qh5 Bxe5 10.Bxb5+ axb5 11.dxe5 Nbc6 12.Nf3 Qd7 13.Qg5 Ng6 14.h4 h6 15.Qe3 Kd8
16.h5 Nf8 17.Rd1 Ne6 18.Qb3 Ne7 19.c4 bxc4 20.Qxb7 Qa4 21.Be3 Kd7 22.b3 Qa5
23.b4 Qa4 24.Rxd5+ Nxd5 25.Qxd5+ Kc8 26.Qxc4 Rd8 27.Kh2 Ra6 28.Qe4 Rd1 29.Rxd1 Qxd1
30.Qf5 Qd7 31.Qb1 Qd5 32.Qf5 Qd7 33.Qb1 Qd5 34.b5 Rxa2 35.b6 Ra4 36.Qf5 Qd7
37.Qc2 Kb7 38.bxc7 Nxc7 39.Nd4 Rxd4 40.Qb2+ Qb5 41.Qxd4 f6 42.Qe4+ Kb8 43.Bf4 Qc5
44.exf6 Qxh5+ 45.Kg3 gxf6 46.Qb1+ Kc8 47.Qc2 Qf7 48.Qxc7+  1-0

[Event "6th Jessie Gilbert Open 2013"]
[Site "Coulsdon ENG"]
[Date "2013.08.22"]
[Round "7"]
[White "Haria,R"]
[Black "Lock,G"]
[Result "0-1"]
[WhiteElo "2133"]
[BlackElo "2189"]

1.e4 e6 2.d4 d5 3.Nd2 Be7 4.Ngf3 Nf6 5.e5 Nfd7 6.Bd3 c5 7.c3 Nc6 8.O-O g5
9.h3 h5 10.Re1 g4 11.hxg4 hxg4 12.Nh2 g3 13.fxg3 cxd4 14.cxd4 Nxd4 15.Ndf3 Qb6
16.Be3 Bc5 17.Qd2 Rg8 18.Nxd4 Bxd4 19.Qf2 Bxe3 20.Rxe3 Nc5 21.Rf1 Rf8 22.Bg6 Bd7
23.Bxf7+ Kd8 24.Qf6+ Kc7 25.Qe7 Rac8 26.Bg6 Ne4 27.Re1 Kb8 28.Nf3 Rxf3 29.gxf3 Rc1
30.Kg2 Rxe1 31.Qxd7 a6 32.fxe4 Qxe3 33.Qd6+ Ka7 34.Qa3 Re2+  0-1

[Event "ch-ESP w 2013"]
[Site "Linares ESP"]
[Date "2013.08.22"]
[Round "6.2"]
[White "Vega Gutierrez,S"]
[Black "Aranaz Murillo,A"]
[Result "1-0"]
[WhiteElo "2402"]
[BlackElo "2246"]

1.e4 e6 2.d4 d5 3.Nd2 Nc6 4.Ngf3 Nf6 5.e5 Nd7 6.b3 f6 7.Bb2 fxe5 8.Nxe5 Ncxe5
9.dxe5 Qg5 10.h4 Qf4 11.g3 Qf7 12.Bg2 Bc5 13.O-O O-O 14.Kh2 b6 15.c4 Bb7
16.f4 Qe7 17.Qg4 Rad8 18.h5 Bb4 19.cxd5 Bxd2 20.Qxe6+ Qxe6 21.dxe6 Bxg2 22.Kxg2 Bb4
23.exd7 Rxd7 24.Rad1 Rfd8 25.Rxd7 Rxd7 26.Rf2 Kf7 27.f5 Rd3 28.e6+ Kf8 29.h6 gxh6
30.Bc1 h5 31.f6  1-0

[Event "28th Schwarzacher Open"]
[Site "Schwarzach AUT"]
[Date "2013.08.22"]
[Round "7.5"]
[White "Krstic,U"]
[Black "Dudas,E"]
[Result "1/2-1/2"]
[WhiteElo "2478"]
[BlackElo "2242"]

1.e4 e6 2.d4 d5 3.Nd2 Be7 4.Ngf3 Nf6 5.Bd3 c5 6.e5 Nfd7 7.c3 Nc6 8.O-O a5
9.a4 cxd4 10.cxd4 Nb4 11.Bb5 O-O 12.Nb1 Nb8 13.Nc3 N8c6 14.Bf4 Bd7 15.Qe2 f6
16.exf6 Rxf6 17.Be5 Rf5 18.Rad1 Qf8 19.Bd3 Nxd3 20.Rxd3 Bd6 21.Bxd6 Qxd6
22.Nb5 Qe7 23.Re3 Rc8 24.Rc1 Qf8 25.Rcc3 Qe7 26.h3 g6 27.Ne5 Nxe5 28.Rxc8+ Bxc8
29.Rxe5 Bd7 30.Re3 Qb4 31.Rxe6 Bxe6 32.Qxe6+ Kg7 33.Nd6 Rf8 34.Qe7+ Kg8 35.Qe6+ Kg7
36.Qe5+ Kh6 37.Qe3+ Kg7 38.Qe7+ Kg8 39.Qe6+ Kg7 40.Qe7+ Kg8  1/2-1/2

[Event "Caissa IM Aug 2013"]
[Site "Kecskemet HUN"]
[Date "2013.08.23"]
[Round "10.3"]
[White "Somborski,N"]
[Black "Neuer,T"]
[Result "1/2-1/2"]
[WhiteElo "2339"]
[BlackElo "2088"]

1.e4 e6 2.d4 d5 3.Nd2 Nc6 4.Ngf3 Nf6 5.e5 Nd7 6.c4 f6 7.cxd5 exd5 8.Bb5 fxe5
9.dxe5 Be7 10.Nb3 Ndb8 11.O-O O-O 12.h3 a6 13.Be2 a5 14.Be3 b6 15.Rc1 a4
16.Na1 a3 17.bxa3 Rxa3 18.Bb5 Nb4 19.Nc2 Nxc2 20.Rxc2 c5  1/2-1/2

[Event "18th Konik Morski"]
[Site "Rewal POL"]
[Date "2013.08.23"]
[Round "4.6"]
[White "Lach,A"]
[Black "Rudolf,Mi"]
[Result "0-1"]
[WhiteElo "2161"]
[BlackElo "2367"]

1.e4 e6 2.d4 d5 3.Nd2 Be7 4.c3 c5 5.dxc5 Nf6 6.exd5 Qxd5 7.Nb3 Qxd1+ 8.Kxd1 Nbd7
9.Bb5 O-O 10.c6 Ne5 11.cxb7 Bxb7 12.f3 Rfd8+ 13.Ke1 Nd3+ 14.Ke2 Nxc1+ 15.Rxc1 Rab8
16.Bd3 e5 17.Nd2 Nd5 18.g3 Bg5 19.h4 Bxd2 20.Kxd2 Nf6 21.Kc2 e4 22.Be2 Nh5
23.Rh3 Bc8 24.fxe4 Bxh3 25.Bxh5 Be6 26.b3 Rb5 27.Be2 Ra5 28.Ra1 f5 29.Nf3 fxe4
30.Ng5 Bd5 31.c4 h6 32.cxd5 hxg5 33.hxg5 Kh7 34.Bc4 Kg6 35.Kb2 Rc5 36.Re1 Re8
37.Kc3 Kxg5 38.Kd4 Rcc8 39.d6 Rcd8 40.Kc5 Kf6 41.Kc6 Rc8+ 42.Kd5 Re5+ 43.Kd4 Rd8
44.Rf1+ Rf5 45.Rxf5+ Kxf5 46.Kd5 e3 47.Be2 Kf6 48.Kc6 Rc8+  0-1

[Event "12th Lichtenberger Sommer"]
[Site "Berlin GER"]
[Date "2013.08.24"]
[Round "8.10"]
[White "Moritz,A"]
[Black "Krefenstein,Sergej"]
[Result "1-0"]
[WhiteElo "2193"]
[BlackElo "2101"]

1.e4 e6 2.d4 d5 3.Nd2 Be7 4.Ngf3 Nf6 5.e5 Nfd7 6.c4 O-O 7.cxd5 exd5 8.Bd3 c5
9.O-O Nc6 10.Re1 Qb6 11.dxc5 Nxc5 12.Bb1 Be6 13.Nf1 Rfd8 14.Ng3 g6 15.Ng5 Bf8
16.Nh5 Ne4 17.Nf6+ Kh8 18.Bxe4 dxe4 19.Qe2 Nxe5 20.Qxe4 Nd3 21.Qh4 h5 22.Nxh5 Nxe1
23.Be3 Qb4 24.Nf4+ Kg7 25.Nfxe6+ fxe6 26.Qh7+ Kf6 27.Qf7+ Ke5 28.Qxe6+  1-0

[Event "e2e4 Coventry Open"]
[Site "Coventry ENG"]
[Date "2013.08.24"]
[Round "2"]
[White "Shaw,Meyrick"]
[Black "Thomas,Ni"]
[Result "0-1"]
[WhiteElo "1967"]
[BlackElo "2299"]

1.e4 e6 2.d4 d5 3.Nd2 Nc6 4.Ngf3 Nf6 5.e5 Nd7 6.Be2 f6 7.exf6 Qxf6 8.Nb3 Bd6
9.Be3 O-O 10.c3 a5 11.h4 Kh8 12.Ng5 e5 13.Qc2 e4 14.O-O-O Bf4 15.Rdf1 a4
16.Nd2 Bxe3 17.fxe3 Qe7 18.Rxf8+ Nxf8 19.Nf1 h6 20.Nh3 Bxh3 21.Rxh3 a3 22.b3 Ne6
23.g4 Qf7 24.Rh2 Rf8 25.Ng3 Ne7 26.Kd2 c5 27.Qc1 cxd4 28.cxd4 Nxd4 29.Qxa3 Rc8
30.Rh1 Nf3+ 31.Kd1 Qf6 32.Bxf3 Qxf3+ 33.Kd2 Qxg3 34.Re1 Qc7 35.Qb2 Ng6 36.g5 Ne5
37.gxh6 Nf3+ 38.Kd1 Nxe1  0-1

[Event "12th Lichtenberger Sommer"]
[Site "Berlin GER"]
[Date "2013.08.25"]
[Round "9.34"]
[White "Kather,Yannick"]
[Black "Boetzer,D"]
[Result "1/2-1/2"]
[WhiteElo "1943"]
[BlackElo "2275"]

1.e4 e6 2.d4 d5 3.Nd2 a6 4.c3 c5 5.exd5 exd5 6.dxc5 Bxc5 7.Ngf3 Ne7 8.Bd3 Nbc6
9.O-O Bg4 10.Qa4 Qd7 11.Nb3 Ba7 12.Nbd4 Nxd4 13.Qxd7+ Bxd7 14.Nxd4 Bxd4 15.cxd4 Bf5
16.Bxf5 Nxf5 17.Re1+ Kd7 18.Re5 Ne7 19.Bd2  1/2-1/2

[Event "XXX Collado Villalba Open 2013"]
[Site "Collado Villalba ESP"]
[Date "2013.08.25"]
[Round "3.6"]
[White "Pastor Alonso de Prado,E"]
[Black "Perez Gonzalez,Jo"]
[Result "1/2-1/2"]
[WhiteElo "2128"]
[BlackElo "2326"]

1.e4 e6 2.d4 d5 3.Nd2 Be7 4.Ngf3 c5 5.dxc5 Nf6 6.Bd3 dxe4 7.Nxe4 Nxe4 8.Bxe4 Qxd1+
9.Kxd1 Bxc5 10.Ke2 Nd7 11.Be3 Bxe3 12.Kxe3 Nc5 13.c4 Nxe4 14.Kxe4 b6 15.Rhd1 Bb7+
16.Ke3 Bxf3 17.Kxf3 Ke7 18.Rd4 Rhd8 19.Rad1 Rxd4 20.Rxd4 Rc8 21.Ke4 f5+ 22.Kd3 e5
23.Rh4 h6 24.b4 e4+ 25.Kc3 Kf6 26.Rh3 Ke5 27.Re3 Rd8 28.c5 bxc5 29.bxc5 Kd5
30.f3 Rc8 31.fxe4+ fxe4 32.Kd2 Rxc5 33.Ra3 Rc7 34.Ke3 Re7 35.Ra4 Kc5 36.h4 Kb5
37.Rd4 a5 38.h5 a4 39.a3 Rc7 40.Rb4+ Ka5 41.Kxe4 Rc3 42.g4 Rxa3 43.Rb7 Rb3
44.Ra7+ Kb4 45.Rxg7 a3 46.Ra7 Kc3 47.g5 hxg5 48.h6 Kb2 49.Kf5 a2 50.Rxa2+ Kxa2
51.Kxg5  1/2-1/2

[Event "e2e4 Coventry Open"]
[Site "Coventry ENG"]
[Date "2013.08.25"]
[Round "4"]
[White "Horspool,Philip J"]
[Black "Walton,A"]
[Result "1/2-1/2"]
[WhiteElo "2008"]
[BlackElo "2155"]

1.e4 e6 2.d4 d5 3.Nd2 a6 4.e5 c5 5.dxc5 Nc6 6.Ngf3 Qc7 7.Nb3 Nxe5 8.Nxe5 Qxe5+
9.Be2 Nh6 10.O-O Be7 11.Re1 Qf6 12.Bd3 e5 13.Bxh6 gxh6 14.Qh5 e4 15.Bf1 Be6
16.c3 Rg8 17.Re3 Rc8 18.Qd1 Bxc5 19.Nxc5 Rxc5 20.Qa4+ Kf8 21.Qb4 Qe7 22.a4 f5
23.Rg3 Rxg3 24.hxg3 Rc8 25.Qd4 Kf7 26.Ra3 Qc5 27.Qd2 e3 28.fxe3  1/2-1/2

[Event "18th Konik Morski"]
[Site "Rewal POL"]
[Date "2013.08.26"]
[Round "6.9"]
[White "Lach,A"]
[Black "Skawinski,A"]
[Result "1/2-1/2"]
[WhiteElo "2161"]
[BlackElo "2284"]

1.e4 e6 2.d4 d5 3.Nd2 Nc6 4.Ngf3 Nf6 5.e5 Nd7 6.Bb5 a6 7.Bxc6 bxc6 8.Nb3 c5
9.Bg5 Be7 10.Na5 Nxe5 11.Nxe5 Bxg5 12.Nac6 Qd6 13.Qh5 O-O 14.dxc5 Qxc5 15.Qxg5 f6
16.Qe3 Qd6 17.O-O fxe5 18.Nxe5 c5 19.Rfe1 Rf6 20.Rad1 Bb7 21.f3 a5 22.Ng4 Rg6
23.Ne5 Rf6  1/2-1/2

[Event "24th Porto San Giorgio Open"]
[Site "Porto San Giorgio ITA"]
[Date "2013.08.28"]
[Round "8.2"]
[White "Dvirnyy,D"]
[Black "Drasko,M"]
[Result "1-0"]
[WhiteElo "2549"]
[BlackElo "2462"]

1.e4 e6 2.d4 d5 3.Nd2 Be7 4.Ngf3 Nf6 5.e5 Nfd7 6.Bd3 c5 7.c3 b6 8.O-O Ba6
9.Ne1 O-O 10.Qg4 Qc8 11.Ndf3 f5 12.Qg3 Nc6 13.Bg5 Rf7 14.h4 Nf8 15.h5 cxd4
16.cxd4 Bxg5 17.Qxg5 h6 18.Qd2 Rc7 19.Rc1 Qb7 20.b4 Bxd3 21.Nxd3 Rac8 22.a4 a5
23.b5 Ne7 24.Rxc7 Rxc7 25.Rc1 Qc8 26.Rxc7 Qxc7 27.Qc1 Qxc1+ 28.Nxc1 Kf7 29.Nd3 Ke8
30.Kh2 Kf7 31.Kg3 Ke8 32.Kh3 Kf7 33.Nf4 Nh7 34.Kh4 Nf8 35.Kg3 Nh7 36.Nh4 Nf8
37.Ne2 Nh7 38.Kf4 Ng5 39.f3 Ke8 40.Ng3 Kf7 41.Nf1 Ke8 42.Ne3 Kf8 43.Nd1 Ke8
44.Nf2 Kf8 45.Ke3 Kf7 46.Kf4 Kf8 47.Nd1 Ke8 48.g4 fxg4 49.Kxg4 Kf8 50.Ne3 Kf7
51.f4 Ne4 52.f5 Nc3 53.fxe6+ Kxe6 54.Ng6 Nxg6 55.hxg6 Ne2 56.Nf5 h5+ 57.Kg5 Nxd4
58.Nxd4+ Kxe5 59.Nf5 d4 60.Nxg7 d3 61.Nf5 d2 62.Ne3  1-0

[Event "Petersburg Summer Blitz 2013"]
[Site "St Petersburg RUS"]
[Date "2013.08.28"]
[Round "8.10"]
[White "Panarin,M"]
[Black "Stupak,K"]
[Result "0-1"]
[WhiteElo "2555"]
[BlackElo "2492"]

1.e4 e6 2.d4 d5 3.Nd2 Nc6 4.Ngf3 Nf6 5.e5 Nd7 6.Be2 f6 7.exf6 Qxf6 8.Nf1 Bd6
9.Ne3 O-O 10.O-O Qg6 11.c4 Nf6 12.c5 Be7 13.Bb5 Bd7 14.a4 Qe8 15.b3 b6 16.cxb6 axb6
17.Ba3 Bxa3 18.Rxa3 Ne4 19.Bxc6 Bxc6 20.Ne5 Bb5 21.Nd3 c5 22.dxc5 bxc5 23.Ra1 Ba6
24.Rc1 Qe7 25.f3 Nf6 26.Re1 Bxd3 27.Qxd3 Qa7 28.Kh1 Rfe8 29.Nc2 e5 30.Na3 Rad8
31.Nb5 Qe7 32.Qc3 Rc8 33.a5 Qd7 34.Qd3 e4 35.fxe4 Nxe4 36.Re2 c4 37.bxc4 Qxb5
38.Rce1 Qxc4 39.Qf3 Rf8 40.Qe3 Ra8 41.h3 Rxa5 42.Kg1 Qc5  0-1

[Event "20th Graz Open 2013"]
[Site "Graz AUT"]
[Date "2013.08.29"]
[Round "6.12"]
[White "Ramadani,S"]
[Black "Toefferl,H"]
[Result "1-0"]
[WhiteElo "1767"]
[BlackElo "2096"]

1.e4 e6 2.d4 d5 3.Nd2 Nc6 4.c3 e5 5.dxe5 Nxe5 6.Ndf3 Nxf3+ 7.Nxf3 Be6 8.exd5 Bxd5
9.Be2 Nf6 10.O-O Be7 11.h3 O-O 12.Be3 Re8 13.Qc2 c6 14.Rad1 Qc7 15.c4 Be4
16.Qb3 b6 17.Ng5 Bg6 18.Bd3 c5 19.Bxg6 hxg6 20.Rfe1 Nh5 21.Bc1 Bf6 22.Qf3 Bd4
23.Ne4 Rad8 24.g4 Nf6 25.Bf4 Qc6 26.Bg5 Rxe4 27.Rxe4 Nxe4 28.Bxd8 Qe6 29.Bh4 g5
30.Re1 gxh4 31.Qxe4 Qxc4 32.b3 Qc3 33.Re2 Qxh3 34.Qf5 g6 35.Qf4 Qd3 36.Re7 Qg3+
37.Qxg3 hxg3 38.Rxa7 b5 39.a4 bxa4 40.bxa4 Bxf2+ 41.Kg2 f5 42.gxf5 gxf5 43.a5 f4
44.a6 Kf8 45.Rc7 c4 46.a7 Bxa7 47.Rxa7 c3 48.Rc7 c2 49.Rxc2 Ke7 50.Rc4  1-0

[Event "TCh-SRB 1st League 2013"]
[Site "Kragujevac SRB"]
[Date "2013.08.29"]
[Round "6.5"]
[White "Kosic,D"]
[Black "Markovic,Miros1"]
[Result "1/2-1/2"]
[WhiteElo "2480"]
[BlackElo "2493"]

1.e4 e6 2.d4 d5 3.Nd2 Be7 4.Bd3 c5 5.dxc5 Nf6 6.Qe2 O-O 7.Ngf3 a6 8.exd5 exd5
9.O-O Nc6 10.a4 Bxc5 11.Nb3 Re8 12.Qd1 Bb6 13.c3 Bg4 14.Bg5 h6 15.Bxf6 Qxf6
16.Be2 Rad8 17.Nfd4 Rxe2 18.Nxe2 d4 19.cxd4 Bxd4 20.Qc2 Bxb2 21.Rad1 Rc8
22.Qe4 Bf5 23.Qe3 Be5 24.Nc5 Re8 25.Ng3 Bg4 26.Nd7 Qf4 27.Nxe5 Qxe3 28.fxe3 Rxe5
29.Rde1 Nb4 30.Rc1 Rxe3 31.Nf5 Ra3 32.Nd6 Be6 33.Rc7 Rxa4 34.Nxf7 Ra2 35.Re7 Bd5
36.Re8+ Kh7 37.Rh8+ Kg6 38.Ne5+ Kh5 39.Nf3 Kg6 40.Ne5+ Kg5 41.Nf3+ Kg6 42.Ne5+ Kg5  1/2-1/2

[Event "TCh-SRB 1st League 2013"]
[Site "Kragujevac SRB"]
[Date "2013.08.29"]
[Round "6.5"]
[White "Solomunovic,I"]
[Black "Antic,De"]
[Result "1/2-1/2"]
[WhiteElo "2433"]
[BlackElo "2463"]

1.e4 e6 2.d4 d5 3.Nd2 Be7 4.Bd3 c5 5.dxc5 Nf6 6.Qe2 O-O 7.Ngf3 a6 8.exd5 exd5
9.O-O Nc6 10.a4 Bxc5 11.Nb3 Re8 12.Qd1 Bb6 13.c3 Bg4 14.Bg5 h6 15.Bxf6 Qxf6
16.Be2 Rad8 17.Nfd4 Rxe2 18.Nxe2 d4 19.cxd4 Bxd4 20.Qc2 Bxb2 21.Rad1 Rc8
22.Qe4 Bf5 23.Qe3 Be5 24.Nc5 Re8 25.Ng3 Bg4 26.Nd7 Qf4 27.Nxe5 Qxe3 28.fxe3 Rxe5
29.Rb1 Na5 30.Rbc1 Rxe3 31.Nf5 Ra3 32.Nd6 Be6 33.Rc7 Rxa4 34.Nxf7 Ra2 35.Re7 Bd5
36.Re8+ Kh7 37.Rh8+ Kg6 38.Ne5+ Kg5 39.Nf3+ Kg6 40.Ne5+ Kg5 41.Nf3+ Kg6 42.Ne5+  1/2-1/2

[Event "78th ch-ESP 2013"]
[Site "Linares ESP"]
[Date "2013.08.29"]
[Round "1.27"]
[White "Roman Lopez,J"]
[Black "Chueca Forcen,A"]
[Result "0-1"]
[WhiteElo "1914"]
[BlackElo "2313"]

1.e4 e6 2.d4 d5 3.Nd2 Be7 4.Ngf3 Nf6 5.Bd3 c5 6.e5 Nfd7 7.c3 Nc6 8.O-O g5
9.c4 g4 10.cxd5 exd5 11.e6 fxe6 12.Re1 gxf3 13.Nxf3 Nf6 14.Ne5 cxd4 15.Bb5 Bd7
16.Bxc6 bxc6 17.Bg5 Rf8 18.Bxf6 Bxf6 19.Qh5+ Ke7 20.Qxh7+ Kd6 21.Ng6 Rg8
22.Rac1 c5 23.Nf4 c4 24.Ra1  0-1

[Event "15th Sants Open 2013"]
[Site "Barcelona ESP"]
[Date "2013.08.30"]
[Round "8.13"]
[White "Alsina Leal,D"]
[Black "Godart,F"]
[Result "1-0"]
[WhiteElo "2538"]
[BlackElo "2361"]

1.e4 e6 2.d4 d5 3.Nd2 Nc6 4.Ngf3 Nf6 5.e5 Nd7 6.Be2 f6 7.exf6 Qxf6 8.Nf1 Bd6
9.Bg5 Qf7 10.Ne3 O-O 11.Bh4 Qh5 12.Bg3 Bxg3 13.fxg3 Nf6 14.O-O Qh6 15.Qd2 Bd7
16.Rae1 Rae8 17.Bb5 a6 18.Bxc6 Bxc6 19.Ne5 Bb5 20.Rf3 Ne4 21.Qb4 Qg5 22.Rxf8+ Rxf8
23.Nf3 Qd8 24.a4 Bc6 25.Ng4 Qd6 26.Qb3 b6 27.Nge5 Be8 28.c3 c5 29.Qc2 h6
30.Qd3 a5 31.b3 Qc7 32.Nd2 Nf6 33.Nef3 Bf7 34.Ne5 Be8 35.h3 Qd6 36.g4 Qe7
37.Qe3 Qd6 38.Nef3 Bf7 39.g5 hxg5 40.Nxg5 Re8 41.Ndf3 Bg6 42.Ne5 Be4 43.Rf1 cxd4
44.cxd4 Rc8 45.Rxf6 gxf6 46.Nxe4 Qe7 47.Qg3+ Qg7 48.Nxf6+ Kf8 49.Nfd7+ Kg8
50.Qf4  1-0

[Event "78th ch-ESP 2013"]
[Site "Linares ESP"]
[Date "2013.08.30"]
[Round "2.12"]
[White "Perez Mitjans,O"]
[Black "Santos Ruiz,Miguel"]
[Result "0-1"]
[WhiteElo "2475"]
[BlackElo "2239"]

1.e4 e6 2.d4 d5 3.Nd2 Nc6 4.Ngf3 Nf6 5.e5 Nd7 6.Nb3 a5 7.a4 Be7 8.h4 b6 9.c3 Ba6
10.Bxa6 Rxa6 11.Ng5 h6 12.Nh3 Bxh4 13.Qg4 Nf8 14.Qxg7 Ng6 15.Nf4 Nce7 16.Nxg6 Nxg6
17.g3 Be7 18.Rxh6 Rf8 19.Rh7 Qd7 20.Qh6 b5 21.Bg5 Rb6 22.Bxe7 Qxe7 23.Nc5 Nxe5
24.b4 axb4 25.axb5 Nd7 26.Rh8 b3 27.Nxd7 Rxh8 28.Qxh8+ Kxd7 29.Ra8 b2 30.Qh7 f5  0-1